Minding the store (Record no. 13109)
[ view plain ]
| 000 -LEADER | |
|---|---|
| fixed length control field | 01319nam a2200337Ia 4500 |
| 082 04 - DEWEY DECIMAL CLASSIFICATION NUMBER | |
| Classification number | 381/.14/092 |
| -- | B |
| 100 1# - MAIN ENTRY--AUTHOR NAME | |
| Personal name | Marcus, Stanley, |
| 245 10 - TITLE STATEMENT | |
| Title | Minding the store |
| 260 ## - PUBLICATION, DISTRIBUTION, ETC. (IMPRINT) | |
| Place of publication | Denton, TX : |
| Name of publisher | University of North Texas Press, |
| Year of publication | c1997. |
| 300 ## - PHYSICAL DESCRIPTION | |
| Number of Pages | 383 p. : |
| Other physical details | ill. |
| 500 ## - GENERAL NOTE | |
| General note | Originally published: Boston : Little, Brown, c1974. |
| General note | Includes index. |
| 650 #0 - SUBJECT ADDED ENTRY--TOPICAL TERM | |
| Topical Term | Businesspeople |
| 856 40 - ELECTRONIC LOCATION AND ACCESS | |
| Uniform Resource Identifier | http://site.ebrary.com/lib/rucke/Doc?id=10687082 |
No items available.
